| 000 | 00807cab a2200265 4500 | ||
|---|---|---|---|
| 001 | ABS39239 | ||
| 008 | 090401t1988 xxu||||| |||| 00| 0 eng d | ||
| 035 | _a(Sirsi) u15344 | ||
| 041 | _aeng | ||
| 100 | _aEllis, C. | ||
| 245 | _aUSA West Coast property | ||
| 260 | _c1988 | ||
| 350 | _a0 | ||
| 490 |
_aEstates Gazette _v(8820) 21 May 1988, 74-77(3) |
||
| 520 | _aThe uncertainty of national economic prospects in the USA has undoubtedly affected the performance of property investment and will continue to do so during the coming year. Useful guide to international retail rents. | ||
| 650 | _aINDUSTRIAL | ||
| 650 | _aLOS ANGELES | ||
| 650 | _aMARKET | ||
| 650 | _aOFFICE | ||
| 650 | _aSAN DIEGO | ||
| 650 | _aSAN FRANCISCO | ||
| 690 | _aOVERSEAS | ||
| 942 | _n0 | ||
| 948 | _c04/03/1997 | ||
| 999 |
_c10052 _d10052 |
||